| 000 | 00672cam a2200157ua 4500 | ||
|---|---|---|---|
| 041 |
_aeng _h |
||
| 082 |
_a624.131 _bIND/ME |
||
| 110 | 1 |
_aIndian Standards Institution . _b _c() |
|
| 245 |
_aMethods of test For Stabelized Soils / _cIndian Standards Institution. _hTextual Documents |
||
| 250 |
_a1 / _b. |
||
| 260 |
_aNew Delhi : _bIndian Standards Institution , _c1968. |
||
| 300 | _a12 ; . | ||
| 504 | _a | ||
| 942 | _cBK | ||
| 999 |
_c3357 _d3357 |
||